| 000 | 00640nam a22002417a 4500 | ||
|---|---|---|---|
| 003 | UA-OsUOA | ||
| 001 | 41655 | ||
| 007 | ta | ||
| 008 | 20061009b un ||||| |||| 00| 0 ukr d | ||
| 100 | _aЯрмолюк Василь | ||
| 090 |
_a82-1 _bЯ 75 |
||
| 942 | _cBK | ||
| 040 |
_aUA-OsUOA _bukr _cUA-OsUOA _dUA-OsUOA |
||
| 245 |
_aКолосилася доля _bВибране |
||
| 300 | _a208 с. | ||
| 955 | _a3 | ||
| 041 | _aukr | ||
| 080 | _a82-1 | ||
| 020 | _a966-8424-17-4 | ||
| 260 |
_aРівне _b"формат - А" _c2004 |
||
| 650 | 7 |
_a82 Література. Літературознавство _2UDC |
|
| 999 |
_c327799 _d327799 |
||